00518nam a2200157Ia 4500003000900000008004100009020001800050040001600068080001200084100001600096245013600112260003400248300001000282650004100292650002700333IN-BaIIA211028s9999 xx 000 0 eng d a0-7167-1495-7 cIIA Library a52bCUL aCulver, R B 3aAn introduction to experimental astronomyban observational workbookcR. B. Culver  aNew YorkbW. H. Freemanc1984 a196p. aAstronomy and Astrophysics Thesaurus aExperimental astronomy